| 000 | 00326nam a22001217a 4500 | ||
|---|---|---|---|
| 082 |
_a894.812 _bDHA/M |
||
| 100 | _aDAKSHIN BHARAT HINDI PRACHAR SABHA | ||
| 245 | _aMALAYALAM KADHAMALIKA - II | ||
| 260 |
_aERNAKULAM _bDAKSHIN BHARAT HINDI PRACHAR SABHA _c1969 |
||
| 300 | _a55 | ||
| 650 |
_aGENERAL KNOWLEDGE _zKERALA |
||
| 942 | _cBK | ||
| 999 |
_c1041 _d1041 |
||